Prebudenie
| New Title: | Naše prebudenie |
|---|---|
| Corporate Author: | |
| Other Authors: | , , |
| Format: | Journal |
| Language: | Slovak |
| Published: |
Ružomberok
[s.n.]
1923-1925
Ružomberok Slovenská kníhtlačiareň Ružomberok Slovenská kníhtlačiareň (Joz. Skotek a spol.) Ružomberok Daniel Ertl |
| Subjects: |
MARC
| LEADER | 00000cas a2200000 a 4500 | ||
|---|---|---|---|
| 001 | vtls010298422 | ||
| 003 | SK-MaSNL | ||
| 005 | 20260228162835.0 | ||
| 008 | 110809d19231925xo wr|p r 0 b0slo | ||
| 040 | |a SNK |b slo |c SNK |e AACR2 | ||
| 041 | 0 | |a slo | |
| 044 | |a xo |c SK | ||
| 072 | 7 | |a 316 |x Sociológia |2 konspekt | |
| 072 | 7 | |a 32 |x Politika |2 konspekt | |
| 080 | |a 316.728 |2 2011 | ||
| 080 | |a 32 |2 2011 | ||
| 080 | |a 314/316(051) |2 2011 | ||
| 080 | |a (051)+(054)(437.6) |2 2011 | ||
| 080 | |a 050 |2 2011 | ||
| 245 | 0 | 0 | |a Prebudenie |
| 260 | |a Ružomberok |b [s.n.] |c 1923-1925 | ||
| 260 | 2 | |3 29/1924 |a Ružomberok |b Slovenská kníhtlačiareň | |
| 260 | 2 | |3 30/1924-23/1925 |a Ružomberok |b Slovenská kníhtlačiareň (Joz. Skotek a spol.) | |
| 260 | 3 | |3 24/1925-30/1925 |a Ružomberok |b Daniel Ertl | |
| 300 | |a 3 zv. |c 42 x 29 cm | ||
| 310 | |a 1x týždenne |b 1924-1925 | ||
| 321 | |a 2x mesačne |b 1923 | ||
| 362 | 0 | |a Roč. I, č. 1 (29.8.1923)-roč. III, č. 30 (1925) | |
| 500 | |a Zmena podnázvu: od 15/III (6. sept. 1925) Župný orgán maloroľníkov, domkárov a robotníkov českoslov. soc. dem. strany pre župu Podtatranskú; od 19/III (4. okt. 1925) Žilinský kraj XVIII. župa, Podtatranský kraj XIX. župa, Košický kraj XX. župa. Orgán maloroľníkov, domkárov a robotníkov čsl. soc. dem. strany pre župy Považskú, Podtatranskú a Košickú; od 21/III (18. okt. 1925) Považský kraj XVII. župa, Pohronský kraj XVIII. župa, Podtatranský kraj XIX. župa, Košický kraj XX. župa. Orgán robotníkov, maloroľníkov a domkárov čsl. soc. dem. strany pre župy Považskú, Pohronskú, Podtatranskú a Košickú; od 26/III (22. nov. 1925) Orgán robotníkov, maloroľníkov a domkárov čsl. soc. dem. strany pre župy Považskú, Pohronskú, Podtatranskú a Košickú | ||
| 500 | |a Zodp. red. Ján Trečák; od 20/II (18. mája 1924) Rud. Minárik; od 21/II (1 okt. 1924) Jozef Skotek. Red. od 30/II (7. dec. 1924) Jozef Skotek; od 21/III (18. okt. 1925) Julo Kiss, Jozef Krenovský, Emil Rusko, Robert Šefr | ||
| 500 | |a Maj. Župný výk. výbor čsl. soc. dem. strany robotníckej pre Pohronskú veľžupu; od 15/III (6. sept. 1925) maj. a vyd. Žup. výkon. výbor čsl. soc. dem. strany župy Podtatranskej; od 19/III (4. okt. 1925) Žup. výkon. výbory čsl. soc. dem. strany župy Považskej, Podtatranskej a Košickej. Vyd. od 29/II (30. nov. 1924) Slovenská kníhtlačiareň v Ružomberku; od 30/II (7. dec. 1924) Slovenská kníhtlačiareň (Joz. Skotek a spol.) v Ružomberku; od 24/III (8. nov. 1925) Daniel Ertl | ||
| 500 | |a Tlač. Slovenská kníhtlačiareň ; od č. 30 (7. dec. 1924) Slovenská kníhtlačiareň (Joz. Skotek a spol. ); od č. 19 (4. okt. 1925) Slovenská kníhtlačiareň | ||
| 580 | |a Od č. 1 (1.10.1926) pokračuje pod názvom Naše prebudenie | ||
| 650 | 0 | 7 | |a spoločenský život |2 SNKPH |9 28654 |
| 650 | 0 | 7 | |a politika |2 SNKPH |9 968 |
| 651 | 7 | |a Liptovská župa (Slovensko) |2 SNKPH |9 263308 | |
| 655 | 7 | |a regionálne periodiká |2 SNKPH |9 131775 | |
| 655 | 7 | |a spoločenské časopisy |2 SNKPH |9 70515 | |
| 700 | 1 | |a Trečák, Ján |4 pbd |9 272266 | |
| 700 | 1 | |a Minárik, Rudolf |4 pbd |9 272267 | |
| 700 | 1 | |a Skotek, Jozef |4 pbd |4 red |9 272268 | |
| 700 | 1 | |a Kiss, Julo |4 red |9 272269 | |
| 700 | 1 | |a Krenovský, Jozef |4 red |9 272270 | |
| 700 | 1 | |a Rusko, Emil, |d 1900-1961 |4 red |9 37975 | |
| 700 | 1 | |a Šefr, Robert |4 red |9 272271 | |
| 710 | 2 | |a Československá sociálnodemokratická strana robotnícka |b Župný výkonný výbor Pohronskej veľžupy |4 pbl |9 272272 | |
| 710 | 2 | |a Československá sociálnodemokratická strana |b Župný výkonný výbor župy Podtatranskej |4 pbl |9 272273 | |
| 710 | 2 | |a Slovenská kníhtlačiareň, úč. spol. (Ružomberok) |4 pbl |9 270981 | |
| 710 | 2 | |a Slovenská kníhtlačiareň (Ružomberok) |4 pbl |4 prt |9 269728 | |
| 710 | 0 | |a Ertl, Daniel |4 pbl |9 272274 | |
| 710 | 2 | |a Československá sociálnodemokratická strana |b Župný výkonný výbor župy Považskej |4 pbl |9 272275 | |
| 710 | 2 | |a Československá sociálnodemokratická strana |b Župný výkonný výbor župy Košickej |4 pbl |9 272276 | |
| 785 | 0 | 0 | |t Naše prebudenie |
| 910 | |a snk | ||
| 999 | |c 8421 |d 10351 | ||
| 952 | |0 0 |1 0 |4 0 |7 0 |a SNK |b SNK |d 1997-02-26 |l 0 |o snkČSA 63/2/1924 |p 17A0040620 |r 2005-01-02 00:00:00 |t č. 1-32 |w 2026-02-21 |y PREZ | ||
| 952 | |0 0 |1 0 |4 0 |7 0 |8 5 |a SNK |b SNK |d 2009-01-10 |i snkF 4111/79 |l 0 |o snkČSA 63/2/1924 D1 |p 17A0606774 |r 2026-02-21 20:16:46 |t č. 1-32, neúplné |w 2026-02-21 |y PREZ |z Chýba č. 1-5, 7-22, 26 | ||
| 952 | |0 0 |1 0 |4 0 |7 0 |a SNK |b SNK |d 2008-05-02 |i snk 3251/29 |l 0 |o snkČSA 63/3/1925 |p 17A0585213 |r 2026-02-21 21:12:08 |t č. 1-30, neúplné |w 2026-02-21 |y PREZ |z Chýba č. 4, 11, 14, 22 | ||
| 952 | |0 0 |1 0 |4 0 |7 0 |8 5 |a SNK |b SNK |d 2002-05-29 |i snkF 4110/79 |l 0 |o snkČSA 63/1/1923 |p 17A0344068 |r 2005-01-02 00:00:00 |t č. 1-9, neúplné |w 2026-02-21 |y PREZ |z Chýba č. 1-5 | ||


